134_ Personnalités nées un 14 mai par images - Statistiques

Statistiques générales
  • Ce quiz a été pris 36 fois
  • Le résultat moyen est 6 sur 9
Statistiques - réponses
Par images Hint Réponse % Correct
Chanteur Patrick Bruel
100%
Homme d'affaires Mark Zuckerberg
94%
Réalisateur George Lucas
77%
Animateur Michel Cymes
74%
Footballeur Marquinhos
66%
Humoriste Florent Peyre
57%
Vidéaste Pokimane
49%
Politicienne Nathalie Kosciusko-Morizet
34%
Animatrice Caroline Roux
11%
Aucun quiz correspondant
Distribution des résultats
% des personnes avec chaque résultat
Percentile par nombre de réponses
Votre historique - résultats
Vous n’avez pas pris ce quiz